000 02418nam a2200361 4500
003 EC-UNACH
005 20260227172255.0
006 s||||gr|||| 00| 00
008 150116t9999 mx r gr 000 0 spa d
020 _a978-84-19109-18-7
040 _aEC-UNACH
_cEC-UNACH
041 _aspa
082 0 4 _223
_a330
_bL002747 - L016674
100 _aHenzen, Rozanne
245 _aEconomía circular. Un enfoque práctico para transformar los modelos empresariales
250 _aPrimera Edición.
264 _aBarcelona, España
_bAlpha Editorial S.A. / ICG Marge SL - MARGE BOOKS
_c2022
264 _aBogotá, Colombia
_bAlpha Editorial S.A. / ICG Marge SL - MARGE BOOKS
_c2022
300 _a404 páginas
_bIlustraciones
_c24 centímetros.
505 _aILos autores. -- Agradecimientos. -- Antes de empezar. -- Prólogo. -- Primera parte. La economía circular. 1. El contexto de la circularidad. -- 2. La perspectiva empresarial de la circularidad. -- 3. Más allá de las fronteras de la empresa. -- 4. Circularidad y liderazgo. -- 5. El imperativo circular corporativo (II): relato y cifras. -- Segunda parte. Gestionar la circularidad. 6. Gestionar la circularidad. -- 7. Gestionar la perspectiva empresarial de la circularidad. -- 8. Gestionar la perspectiva más allá de las fronteras de la empresa. -- 9. Gestionar la circularidad desde la perspectiva del liderazgo. -- 10. El imperativo circular corporativo (III): relato y cifras. -- Tercera parte. Imaginar la transformación: de las cadenas de valor lineales a las cadenas de valor circulares. -- 11. El paso de lo lineal a lo circular. -- 12. La transformación desde la perspectiva de la empresa. -- 13. La transformación más allá de las fronteras de la empresa. -- 14. Imaginar la transformación desde la perspectiva del liderazgo. -- 15. Conclusión. El imperativo circular corporativo (IV): relato y cifra. -- Epílogo. -- Apéndice. -- Bibliografía.
650 _aMODELOS EMPRESARIALES
650 _aESTRATEGIAS CIRCULARES
650 _aDESARROLLO SOSTENIBLE - ECONOMÍA AMBIENTAL
650 _aMODELO DE NEGOCIOS | COLABORACIÓN ENTRE EMPRESAS
650 _aINNOVACIÓN - TRANSFORMACIÓN. LIDERAZGO TRANSFORMACIONAL
700 _aWeenk, Ed
942 _2ddc
_c1
999 _c13476